The Middle East since Camp David / (Record no. 27811)
[ view plain ]
| 000 -LEADER | |
|---|---|
| fixed length control field | 01435nam a2200289 a 4500 |
| 001 - CONTROL NUMBER | |
| control field | 27811 |
| 003 - CONTROL NUMBER IDENTIFIER | |
| rucl marc code | BD-RjUL |
| 005 - DATE AND TIME OF LATEST TRANSACTION | |
| control field | 20211209051214.0 |
| 008 - FIXED-LENGTH DATA ELEMENTS--GENERAL INFORMATION | |
| fixed length control field | 140327s1984 enkb b 001 0 eng |
| 020 ## - INTERNATIONAL STANDARD BOOK NUMBER | |
| International Standard Book Number | 0865316570 |
| International Standard Book Number | 0865316589 (pbk.) |
| 035 ## - SYSTEM CONTROL NUMBER | |
| System control number | (BD-RjUL)27890 |
| 040 ## - CATALOGING SOURCE | |
| Original cataloging agency | DLC |
| Transcribing agency | DLC |
| Modifying agency | BD-RjUL |
| Language of cataloging | eng |
| 041 ## - LANGUAGE CODE | |
| Language code of text/sound track or separate title | eng |
| 082 00 - DEWEY DECIMAL CLASSIFICATION NUMBER | |
| Classification number | 956.05 |
| Edition number | 19 |
| Author mark and year | MID 1984 |
| 245 14 - TITLE STATEMENT | |
| Title | The Middle East since Camp David / |
| Statement of responsibility, etc. | edited by Robert O. Freedman. |
| 260 ## - PUBLICATION, DISTRIBUTION, ETC. (IMPRINT) | |
| Place of publication, distribution, etc. | Boulder ; London : |
| Name of publisher, distributor, etc. | Westview Press, |
| Date of publication, distribution, etc. | c1984. |
| 300 ## - PHYSICAL DESCRIPTION | |
| Pagination | xiv, 263 p. : |
| Illustrations | ill.,map ; |
| Size | 23 cm. |
| 490 ## - SERIES STATEMENT | |
| Series statement | Westview special studies on the Middle East |
| 504 ## - BIBLIOGRAPHY, ETC. NOTE | |
| Bibliography, etc | Include bibliography and index. |
| 505 0# - FORMATTED CONTENTS NOTE | |
| Formatted contents note | Introduction / Robert O. Freedman -- Superpower perspectives. Soviet policy toward the Middle East since Camp David / Robert O. Freedman -- U.S. policy on the Middle East in the period since Camp David / Barry Rubin -- Regional perspectives. The post-Camp David Arab world / Shireen T. Hunter and Robert E. Hunter -- Iran and the Middle East in the Khomeini era / Robert G. Darius -- Domestic perspectives since Camp David. Syrian policy / John F. Devlin -- Israeli policy / Don Peretz -- Egyptian policy / Louis J. Cantori -- The PLO / Aaron David Miller. |
| 651 #0 - SUBJECT ADDED ENTRY--GEOGRAPHIC NAME | |
| Geographic name | Middle East |
| General subdivision | Politics and government |
| Chronological subdivision | 1945- |
| 9 (RLIN) | 70973 |
| 700 1# - ADDED ENTRY--PERSONAL NAME | |
| Personal name | Freedman, Robert Owen. |
| 942 ## - ADDED ENTRY ELEMENTS (KOHA) | |
| Source of classification or shelving scheme | Dewey Decimal Classification |
| Koha item type | Books |
| Lost status | Source of classification or shelving scheme | Damaged status | Not for loan | Collection code | Permanent Location | Current Location | Shelving location | Date acquired | Source of acquisition | Total Checkouts | Full call number | Date last seen | Copy number | Koha item type |
|---|---|---|---|---|---|---|---|---|---|---|---|---|---|---|
| Dewey Decimal Classification | Added to bundle | Non-fiction | Central Library, University of Rajshahi | Central Library, University of Rajshahi | Reading Room | 18/01/1988 | Asia foundation | 956.05 MID 1984 | 27/03/2014 | C-1 | Books | |||
| Dewey Decimal Classification | Non-fiction | Central Library, University of Rajshahi | Central Library, University of Rajshahi | 16/04/1990 | Asia Foundation | 956.05 MID 1984 | 23/02/2017 | C-2 | Books |